Statistiques concernant Harry Potter: le Fourchelang

Cliquez ici pour prendre le quiz!

Statistiques générales

  • Ce quiz a été pris 69 fois
  • Le résultat moyen est 10 sur 18

Statistiques - réponses

InformationRéponses% Correct
Fourchelang connuHarry Potter
100%
Fourchelang connuTom Jedusor
100%
Première mentionHarry Potter et la Chambre des Secrets
93%
Dernière apparitionHarry Potter et les Reliques de la Mort
93%
Première apparitionHarry Potter à l'école des sorciers
91%
UtilisationParler au serpents
87%
Fourchelang connuSalazar Serpentard
83%
Fourchelang connu (recopiage)Ron Wesley
67%
Fourchelang connu (comprehension)Albus Dumbledore
50%
Fourchelang connuMerope Gaunt
44%
Fourchelang connuElvis Gaunt
43%
Fourchelang connu (possédé)Ginny Weasley
43%
Fourchelang connuMorfin Gaunt
37%
Fourchelang connu (possédé)Bathilda Tourdesac
22%
Fourchelang connuHerpo l'Infame
4%
Fourchelang connuIsolt Sayre
4%
Fourchelang connuCorvinus Gaunt
2%
Fourchelang connuGormlaith Gaunt
2%

Distribution des résultats

Percentile par nombre de réponses

% des personnes avec chaque résultat

Votre développement - résultats

Vous n’avez pas pris ce quiz